TPM for the Lean Factory : Innovative Methods and Worksheets for Equipment Management /

Salvato in:
Dettagli Bibliografici
Autore principale: Sekine, Kenichi (autor)
Altri autori: Arai, Keisuke (autor) (autor)
Natura: Libro
Lingua:inglese
Pubblicazione: Portland, EUA : Productivity, 1998, c1998
Soggetti:
Tags: Aggiungi Tag
Nessun Tag, puoi essere il primo ad aggiungerne!!

MARC

LEADER 00000nam^a2200000^a^4500
001 000136587
005 20250521000000.0
009 20260310095322.952
020 |a 1-56327-191-5 
037 |a Acervo ITESO - Biblioteca 
041 |a ING 
082 |a 658. 202  |b SEK 
100 |a Sekine, Kenichi  |e (autor) 
245 1 0 |a TPM for the Lean Factory :  |b Innovative Methods and Worksheets for Equipment Management /  |c K. Sekine, K. Arai ; tr. por Karen Sandness. 
264 4 |a Portland, EUA :  |b Productivity,  |c 1998, c1998 
300 |a XVII, 338 p. 
336 |a texto  |b txt  |2 rdacontenido 
337 |a sin mediación  |b n  |2 rdamedio 
338 |a volumen  |b nc  |2 rdasoporte 
500 |a Traducción de: Kakushing TPM manuaru 
649 |a XX 
650 |a TPM (Total Productive Maintenance) -  |x Tema Principal 
650 |a Mantenimiento Industrial 
650 |a Control de Calidad 
650 |a Calidad Total 
650 |a Proceso de Producción 
650 |a Productividad 
650 |a Distribución en Planta (Ingeniería Industrial) 
650 |a Planeación de una Industria 
650 |a Seguridad Industrial 
650 |a Diseño Industrial 
650 |a Ingeniería Industrial 
650 |a Administración 
650 |a Ciencias Administrativas 
700 |a Arai, Keisuke  |e (autor) 
910 |a Fondo General 
920 |a Impresos - Libros 
930 |a Colección General 
905 |a 101 
901 |a 0500065833  |b IT1  |c ACC  |u 20250521 
902 |a https://opac.biblio.iteso.mx/vufind/Record/000136587